كتاب أحكام النساء / (رقم التسجيلة. 17843)
[ عرض عادي ]
| 000 -الفاتح | |
|---|---|
| حقل البيانات ثابتة الطول | 00932cam a2200217 a 4500 |
| 003 - محدد رقم الضبط | |
| رقم الضبط | OSt |
| 005 - وقت وتاريخ اخر تعامل مع التسجيلة | |
| رقم الضبط | 20150408113942.0 |
| 008 - عناصر البيانات ثابتة الطول - معلومات عامة | |
| حقل البيانات ثابتة الطول | 030625s1999 le g b 000r0 ara c |
| 040 ## - مصدر الفهرسة | |
| وكالة الفهرسة الأصلية | MU |
| لغة الفهرسة | ara |
| وكالة النسخ | MB |
| 082 04 - رقم تصنيف ديوى العشرى | |
| رقم التصنيف | 258.4 |
| رقم الطبعة | 21 |
| 100 1# - المدخل الرئيسى - إسم شخصى | |
| الإسم الشخصى | ابن الجوزي، عبد الرحمن بن علي بن محمد، |
| التواريخ المصاحبة للاسم | 508-597 هـ. |
| 9 (RLIN) | 5110 |
| 245 10 - بيان العنوان | |
| العنوان | كتاب أحكام النساء / |
| بيان المسئوليه,etc | عبد الرحمن بن على بن الجوزي ؛ تحقيق و دراسة و تعليق عمرو عبدالمنعم سليم |
| 246 30 - العنوان الموازى | |
| عنوان صحيح/عنوان مختصر | أحكام النساء |
| 260 ## - PUBLICATION, DISTRIBUTION, ETC. (IMPRINT) | |
| مكان الناشر او الموزع | القاهرة : |
| اسم الناشر او الموزع | مكتبة ابن تيمية |
| تاريخ النشر أو التوزيع | 2009 |
| 300 ## - الوصف المادى | |
| التعداد | 457 ص. ؛ |
| أبعاد الوعاء | 25 سم. |
| 650 #7 - المدخل الاضافى بالموضوع-مصطلح موضوعى | |
| مصطلح موضوعي أو اسم جغرافي كعنصر مدخل | العبادات (فقه إسلامي) |
| مصدر الرأس أو المصطلح | aucsh |
| 650 #7 - المدخل الاضافى بالموضوع-مصطلح موضوعى | |
| مصطلح موضوعي أو اسم جغرافي كعنصر مدخل | المعاملات (فقه إسلامي). |
| مصدر الرأس أو المصطلح | aucsh |
| 9 (RLIN) | 9681 |
| 650 #7 - المدخل الاضافى بالموضوع-مصطلح موضوعى | |
| مصطلح موضوعي أو اسم جغرافي كعنصر مدخل | المرأة المسلمة. |
| مصدر الرأس أو المصطلح | aucsh |
| 9 (RLIN) | 6507 |
| 700 1# - المدخل الاضافى - اسم شخصى | |
| الإسم الشخصى | سليم ، عمرو عبدالمنعم |
| الدور | محقق. |
| 9 (RLIN) | 9682 |
| 942 ## - عناصر المدخل الإضافي( كوها) | |
| مصدر التصنيف او مخطط الترفيف | Dewey Decimal Classification |
| Koha [default] item type | كتاب |
| حالة الفقد | نموذج السعر الفعال | حالة تلف | ليس للاعارة | رقم الطلب | تاريخ الاكتساب | الموقع الحالي | الباركود | الفرع الرئيسي | Date last seen | نوع المادة فى نظام كوها | مصدر التصنيف او خطة الترفيف | Total Checkouts |
|---|---|---|---|---|---|---|---|---|---|---|---|---|
| 2013-03-10 | 258.4 ج ع ا | 2012-02-26 | مكتبة كلية العلوم و الدراسات الإنسانية برماح - طلاب (SRM) | 00075683 | مكتبة كلية العلوم و الدراسات الإنسانية برماح - طلاب (SRM) | 2013-03-10 | كتاب | Dewey Decimal Classification | ||||
| 2013-03-10 | 258.4 ج ع ا | 2012-02-26 | مكتبة كلية العلوم و الدراسات الإنسانية برماح - طلاب (SRM) | 00075682 | مكتبة كلية العلوم و الدراسات الإنسانية برماح - طلاب (SRM) | 2013-03-10 | كتاب | Dewey Decimal Classification | ||||
| 2013-03-10 | 258.4 ج ع ا | 2012-02-26 | مكتبة كلية العلوم و الدراسات الإنسانية برماح - طلاب (SRM) | 00075681 | مكتبة كلية العلوم و الدراسات الإنسانية برماح - طلاب (SRM) | 2013-03-10 | كتاب | Dewey Decimal Classification |
